Statistics for Tampa Bay Lightning Captains

Click here to take the quiz!

General Stats

  • This quiz has been taken 54 times
  • The average score is 5 of 11

Answer Stats

YearsAnswer% Correct
2014-CurrentSteven Stamkos
96%
2014Martin St. Louis
94%
2009-13Vincent Lecavalier
84%
2001Vincent Lecavalier
84%
2003-06Dave Andreychuk
57%
2000Chris Gratton
16%
2007-08Tim Taylor
16%
1999Rob Zamuner
12%
1998Mikael Renberg
8%
1996-97Paul Ysebaert
8%
2000Bill Houlder
6%

Score Distribution

Percentile by Number Answered

Percent of People with Each Score

Your Score History

You have not taken this quiz